00653nam a2200229 a 4500001001300000003000900013005001700022008004100039020001000080082001500090100002500105245002500130260005000155300001000205500003500215650002400250700002500274902000800299942000700307952009400314999001500408nice12345678IN_TiNIC20260116011414.0070314s1864 boma grm 000 0 lag  ac60000a235.2bLEQ aLequien, P Michaelis aSt. John of Damascus aBombay bShethia Audio Vidio Pvt. Ltd. c1864 a1607p aincludes index and biblioraphy aSaints-Christianity1 aLequien, P Michaelis bRBA cPM 00104070aHMIbHMId2007-06-20g600.00l0o235.2 LEQp396r2007-06-20w2026-01-16yARB c1249d1249